| 000 | 00831nam a2200253Ia 4500 | ||
|---|---|---|---|
| 003 | OSt | ||
| 005 | 20241106111552.0 | ||
| 008 | 210716s2003 xx 000 0 und d | ||
| 020 | _a8181280296 | ||
| 040 | _cAIMIT LIBRARY | ||
| 041 | _aeng | ||
| 082 |
_a519.7 _21 _bFOSD |
||
| 100 |
_aFoster, Dean P. _9184332 |
||
| 245 |
_aBusiness analysis using regression : _bcasebook / _cBy Dean P Foster, Robert A Stine and Richard P Waterman. |
||
| 250 | _a1st ed. | ||
| 260 |
_aNew Delhi : _bSpringer , _c2003. |
||
| 300 |
_axvii,348p. ; _bPB _c28.9 cm |
||
| 650 |
_aAssumptions in regression modeling _9184333 |
||
| 650 |
_aSummary regression case _9184334 |
||
| 650 |
_aModeling a categorical response _9184335 |
||
| 700 |
_aStine, Robert A. _9184336 |
||
| 700 |
_aWaterman, Richard P. _9184337 |
||
| 942 |
_2ddc _cBK _e1st _k519.7 FOSD |
||
| 999 |
_c199350 _d199350 |
||